[Event "Open Est 2016-2017"]
[Site "Aubagne"]
[Date "2017.03.25"]
[Round "8.8"]
[White "Deregnaucourt, Yves"]
[Black "Bui, Christopher"]
[Result "1-0"]
[WhiteElo "1733"]
[BlackElo "1401"]
[PlyCount "83"]
[EventDate "2016.??.??"]
[WhiteTeam "Cercle d'Echecs Aubagnais"]
[BlackTeam "Cercle d'Echecs Aubagnais"]

1. e4 d5 2. exd5 Qxd5 3. Nc3 Qa5 4. d4 c6 5. Nf3 Nf6 6. Bd2 Qc7 7. h3 e6 8. Bd3
Nbd7 9. O-O Be7 10. Qe2 Nb6 11. Ne4 Bd7 12. a4 O-O-O 13. c4 Qb8 14. a5 Na8 15.
a6 b6 16. b4 Nxe4 17. Bxe4 g6 18. Ne5 Rhf8 19. Bxc6 g5 20. Bb7+ Kc7 21. c5 b5
22. Nxf7 Bc6 23. Qe5+ Kd7 24. Bxc6+ Kxc6 25. Qxe6+ Kc7 26. Qxe7+ Rd7 27. Qe5+
Kc8 28. Nd6+ Kc7 29. Nxb5+ Kc8 30. Nd6+ Kc7 31. Ne8+ Kc8 32. Qxb8+ Kxb8 33. Nd6
h6 34. Rfe1 Nc7 35. b5 Rxd6 36. cxd6 Nxb5 37. Rab1 Rd8 38. Rxb5+ Kc8 39. Ba5
Rxd6 40. Rb7 Rxa6 41. Rh7 Rxa5 42. Re8# 1-0

[Event "Open Est 2016-2017"]
[Site "Aubagne"]
[Date "2017.03.25"]
[Round "8.9"]
[White "Cureau, Dominique"]
[Black "Corrias, Robert"]
[Result "1-0"]
[WhiteElo "1405"]
[BlackElo "1555"]
[PlyCount "77"]
[EventDate "2016.??.??"]
[WhiteTeam "Echiquier Marseillais 1872"]
[BlackTeam "Club d'Echecs Pennois (CEP)"]

1. c4 e5 2. Nc3 Nf6 3. Nf3 d6 4. g3 Be7 5. Bg2 O-O 6. O-O Nbd7 7. e3 Re8 8. d4
Bf8 9. dxe5 dxe5 10. b3 c6 11. Bb2 Qc7 12. Qc2 Rb8 13. Rfd1 b6 14. a3 Bb7 15.
b4 a6 16. Rac1 Rbc8 17. Ng5 h6 18. Nce4 Nxe4 19. Nxe4 Nf6 20. Nxf6+ gxf6 21.
Qf5 Bg7 22. Rd7 Qb8 23. Qh5 Rf8 24. Rcd1 Rcd8 25. b5 Rxd7 26. Rxd7 Bc8 27. Re7
Qd6 28. Ra7 axb5 29. cxb5 Bd7 30. bxc6 Bxc6 31. Bxc6 Qxc6 32. a4 Qc5 33. Qe2
Rc8 34. Ra6 Rc6 35. Ra8+ Rc8 36. Rxc8+ Qxc8 37. Qb5 Qc7 38. Ba3 Bf8 39. Qe8 1-0

[Event "Open Est 2016-2017"]
[Site "Aubagne"]
[Date "2017.03.25"]
[Round "8.10"]
[White "Lognos, Lina"]
[Black "Vicari-Vento, Salvatore"]
[Result "0-1"]
[WhiteElo "1068"]
[BlackElo "1436"]
[PlyCount "102"]
[EventDate "2016.??.??"]
[WhiteTeam "Cercle d'Echecs Aubagnais"]
[BlackTeam "Cercle d'Echecs Aubagnais"]

1. c4 c5 2. Nc3 Nf6 3. d3 g6 4. Nf3 Bg7 5. g3 d6 6. Bg2 Nbd7 7. O-O O-O 8. a3
a6 9. b4 cxb4 10. axb4 Rb8 11. b5 axb5 12. Nxb5 Nb6 13. Rb1 e5 14. Ba3 Ne8 15.
c5 Nd5 16. cxd6 Bd7 17. Qb3 Bxb5 18. Qxd5 Bc6 19. Qc5 f6 20. d4 Rf7 21. dxe5
fxe5 22. Nxe5 Bxe5 23. Qxe5 Bxg2 24. Kxg2 Qd7 25. Qd5 Nf6 26. Qc4 b5 27. Qc7
Qxc7 28. dxc7 Rc8 29. Rfc1 Rcxc7 30. Rxc7 Rxc7 31. Rd1 Kf7 32. Rb1 Rb7 33. Bb2
Nd5 34. e4 Ne7 35. Ba3 Nc6 36. Rc1 Ne5 37. Bb2 Nd3 38. Rb1 b4 39. Bc3 b3 40. e5
Ke6 41. f4 Nc5 42. Bd4 Ne4 43. Bb2 g5 44. fxg5 Nxg5 45. h4 Ne4 46. Rc1 Rb6 47.
g4 h6 48. Rf1 Rc6 49. g5 hxg5 50. h5 Rc2+ 51. Kf3 Nd2+ 0-1

[Event "Open Est 2016-2017"]
[Site "Aubagne"]
[Date "2017.03.25"]
[Round "8.11"]
[White "Denis, Alexandra"]
[Black "Andonian, Pierre"]
[Result "0-1"]
[WhiteElo "1247"]
[BlackElo "1499"]
[PlyCount "76"]
[EventDate "2016.??.??"]
[WhiteTeam "Marseille Passion Echecs"]
[BlackTeam "Echiquier Marseillais 1872"]

1. d4 Nf6 2. Bf4 d6 3. Nf3 c6 4. e3 Nbd7 5. h3 Qc7 6. c4 e5 7. Bh2 Be7 8. Be2
e4 9. Nfd2 Qb6 10. Qc2 d5 11. Nc3 O-O 12. O-O Re8 13. f3 Nf8 14. c5 Qd8 15.
fxe4 dxe4 16. Ncxe4 Ng6 17. Rf2 Nd5 18. Qb3 Bh4 19. Rf3 b6 20. Raf1 Be6 21. Nd6
Ndf4 22. Qd1 Nxe2+ 23. Qxe2 Re7 24. a3 Qd7 25. Nf5 Bxf5 26. Rxf5 Bf6 27. Nc4
Bxd4 28. Rd1 Qxf5 29. Rxd4 bxc5 30. Rd6 Re6 31. Rd2 Qe4 32. Qf1 Rae8 33. Rd7
Rf6 34. Qc1 Nh4 35. Rd2 Rg6 36. g4 Nf3+ 37. Kf2 Nxd2 38. Qd1 Qxc4 0-1

[Event "Open Est 2016-2017"]
[Site "Aubagne"]
[Date "2017.03.25"]
[Round "8.12"]
[White "Sage, Jean-Claude"]
[Black "Morata, Serge"]
[Result "1-0"]
[WhiteElo "1589"]
[BlackElo "1240"]
[PlyCount "43"]
[EventDate "2016.??.??"]
[WhiteTeam "Echiquier Marseillais 1872"]
[BlackTeam "Cercle d'Echecs Aubagnais"]

1. e4 e5 2. Nc3 Nf6 3. f4 d5 4. fxe5 Nxe4 5. Nf3 Bc5 6. d4 Bb4 7. Bd2 c5 8.
Nxe4 dxe4 9. Bxb4 cxb4 10. Ng1 O-O 11. Bc4 Nc6 12. c3 Qh4+ 13. g3 Qg4 14. Qxg4
Bxg4 15. Be2 Bxe2 16. Nxe2 Rad8 17. O-O a5 18. Rf4 f5 19. exf6 Rxf6 20. Rxe4
Re8 21. Rxe8+ Kf7 22. Re4 1-0

[Event "Open Est 2016-2017"]
[Site "Aubagne"]
[Date "2017.03.25"]
[Round "8.14"]
[White "Ralijaona, Gabriela"]
[Black "Georgesoglou, Bruno"]
[Result "0-1"]
[WhiteElo "1287"]
[BlackElo "1399"]
[PlyCount "44"]
[EventDate "2016.??.??"]
[WhiteTeam "Marseille Passion Echecs"]
[BlackTeam "Hay Chess"]

1. e4 c6 2. d3 d5 3. Nc3 d4 4. Nce2 e5 5. Nf3 Nd7 6. c3 Bc5 7. cxd4 exd4 8.
Nexd4 Ngf6 9. Be2 Qc7 10. Qb3 Ne5 11. Qc2 Bb4+ 12. Bd2 a5 13. a3 Bxd2+ 14. Qxd2
O-O 15. Qg5 Re8 16. Nh4 h6 17. Qd2 a4 18. O-O c5 19. Ndf5 Bxf5 20. Nxf5 c4 21.
Rac1 Neg4 22. Rxc4 Qxh2# 0-1

[Event "Open Est 2016-2017"]
[Site "Aubagne"]
[Date "2017.03.25"]
[Round "8.15"]
[White "Roche, Alain"]
[Black "Fortoul, Alain"]
[Result "1-0"]
[WhiteElo "1376"]
[BlackElo "1220"]
[PlyCount "93"]
[EventDate "2016.??.??"]
[WhiteTeam "Echiquier Marseillais 1872"]
[BlackTeam "Club d'Echecs Pennois (CEP)"]

1. e4 c5 2. Nf3 d6 3. h3 g6 4. c3 Nc6 5. d4 cxd4 6. cxd4 Bg7 7. Bc4 Na5 8. Bd3
e6 9. O-O Ne7 10. Bg5 O-O 11. Nc3 Qd7 12. Qd2 a6 13. Bh6 Nac6 14. a3 b5 15. d5
exd5 16. Bxg7 Kxg7 17. exd5 Ne5 18. Be4 f5 19. Bb1 Nxf3+ 20. gxf3 Bb7 21. Qd4+
Rf6 22. Ba2 f4 23. Kh2 Nf5 24. Qxf4 Raf8 25. Ne4 R8f7 26. Ng5 Nh6 27. Nxf7 Rxf7
28. Qe4 Bc8 29. Qe6 Rxf3 30. Kg2 Rf5 31. Rae1 Nf7 32. Qxd7 Bxd7 33. Re7 Rg5+
34. Kh2 Bf5 35. f4 Rh5 36. Rf3 Be4 37. Rxe4 Rf5 38. b4 Kh6 39. Kg3 Kg7 40. Bb1
Rf6 41. Re6 Nh6 42. Re7+ Kf8 43. Ra7 Nf5+ 44. Bxf5 gxf5 45. Rxa6 Rg6+ 46. Kf2
h5 47. Rb6 1-0

[Event "Open Est 2016-2017"]
[Site "Aubagne"]
[Date "2017.03.25"]
[Round "8.16"]
[White "Strate, Francois"]
[Black "Rando, Mathias"]
[Result "1-0"]
[WhiteElo "1323"]
[BlackElo "1190"]
[PlyCount "53"]
[EventDate "2016.??.??"]
[WhiteTeam "Sanary Echecs"]
[BlackTeam "Club Provence Echecs"]

1. d4 d6 2. c4 c6 3. Nc3 Nd7 4. Nf3 Qa5 5. Bd2 e5 6. Ne4 Qb6 7. Bc3 Ngf6 8.
Nxf6+ Nxf6 9. dxe5 Ne4 10. Bd4 c5 11. Bc3 dxe5 12. Bxe5 Qb4+ 13. Nd2 Be7 14. f3
f6 15. fxe4 fxe5 16. Qc2 Bh4+ 17. g3 Bg5 18. O-O-O Be6 19. Kb1 O-O-O 20. Nf3
Rxd1+ 21. Qxd1 Be3 22. Nxe5 Bd4 23. Nd3 Bxc4 24. Nxb4 Rd8 25. Bh3+ Kb8 26. Nc2
b5 27. e3 1-0

[Event "Open Est 2016-2017"]
[Site "Aubagne"]
[Date "2017.03.25"]
[Round "8.17"]
[White "Pietrac, Christian"]
[Black "Cocordano, Claire"]
[Result "1-0"]
[WhiteElo "1229"]
[BlackElo "1434"]
[PlyCount "99"]
[EventDate "2016.??.??"]
[WhiteTeam "Club d'Echecs de Miramas"]
[BlackTeam "Cercle d'Echecs Aubagnais"]

1. Nf3 d6 2. g3 g6 3. Bg2 Bg7 4. d3 c5 5. O-O Nc6 6. c3 a6 7. Nbd2 Nf6 8. e4
Rb8 9. a4 Bd7 10. Re1 O-O 11. e5 dxe5 12. Nxe5 Nxe5 13. Rxe5 b6 14. Qe2 e6 15.
Nc4 Nd5 16. Re4 Bc6 17. Rh4 Qc7 18. Bh6 Ne7 19. Bf4 Qd7 20. Bxb8 Rxb8 21. Ne5
Bxe5 22. Qxe5 Qd8 23. Qe3 Nf5 24. Qf4 Nxh4 25. Qxh4 Bxg2 26. Kxg2 Qxd3 27. b4
Qd5+ 28. Kg1 cxb4 29. cxb4 Rc8 30. Qf4 Kg7 31. Rc1 Rxc1+ 32. Qxc1 Qb3 33. Qa1+
Kg8 34. b5 axb5 35. a5 bxa5 36. Qxa5 Qb1+ 37. Kg2 b4 38. Qd8+ Kg7 39. Qd4+ f6
40. Qd7+ Kh6 41. Qxe6 Qf5 42. Qe3+ g5 43. h4 Qd5+ 44. f3 b3 45. hxg5+ fxg5 46.
Qb6+ Kg7 47. Qc7+ Qf7 48. Qc3+ Kh6 49. g4 Qd5 50. Qf6# 1-0

[Event "Open Est 2016-2017"]
[Site "Aubagne"]
[Date "2017.03.25"]
[Round "8.18"]
[White "Cotton, Paul"]
[Black "Rocchia, Alex"]
[Result "1-0"]
[WhiteElo "1391"]
[BlackElo "1289"]
[PlyCount "132"]
[EventDate "2016.??.??"]
[WhiteTeam "Cercle d'Echecs Aubagnais"]
[BlackTeam "Cercle d'Echecs Aubagnais"]

1. Nf3 d5 2. g3 g6 3. Bg2 Bg7 4. d3 c6 5. Nbd2 Nf6 6. Rb1 O-O 7. O-O Bg4 8. b3
Qd7 9. Ne5 Qc8 10. Nxg4 Qxg4 11. Bb2 Na6 12. Nf3 Qc8 13. c4 Nc7 14. Rc1 Rd8 15.
cxd5 Ncxd5 16. a3 a6 17. Rc2 Qb8 18. Qa1 Qa7 19. Ng5 Ne3 20. fxe3 Qxe3+ 21. Kh1
Qxg5 22. Rf3 Re8 23. e4 e5 24. Rc5 Nd7 25. Rc2 a5 26. Bh3 Qd8 27. Rcf2 Re7 28.
a4 b6 29. Qf1 Qe8 30. Qc1 Rc8 31. Rc2 c5 32. Ba3 Rc7 33. b4 axb4 34. Bxb4 Qc8
35. Ba3 Qa8 36. Rc4 Bf8 37. Bb2 Re8 38. Qf1 Nb8 39. Qa1 Bg7 40. Rc2 Ra7 41. Rc4
Ree7 42. Qd1 Nc6 43. Bc3 Na5 44. Bxa5 Rxa5 45. Rf1 Bf8 46. Qb3 Rb7 47. Qb2 Bd6
48. Rf6 Qd8 49. Rf1 Kg7 50. Qc3 Qa8 51. Rb1 f6 52. Be6 Qa7 53. Bd5 Rb8 54. Bc6
Qc7 55. Bb5 Qc8 56. Rf1 Qg4 57. Qd2 Rh8 58. Qf2 Be7 59. Rc2 h5 60. Rg1 Raa8 61.
Qe3 h4 62. gxh4 Qxh4 63. Rcg2 Rh6 64. Bd7 Rah8 65. Qf2 Qh3 66. Bxh3 Rxh3 1-0

[Event "Open Est 2016-2017"]
[Site "Aubagne"]
[Date "2017.03.25"]
[Round "8.19"]
[White "Reynaud, Jacques"]
[Black "Moerenhout, Jean Claude"]
[Result "1-0"]
[WhiteElo "1390"]
[BlackElo "1264"]
[PlyCount "53"]
[EventDate "2016.??.??"]
[WhiteTeam "Cercle d'Echecs Aubagnais"]
[BlackTeam "Cercle d'Echecs Aubagnais"]

1. d4 Nf6 2. Nf3 e6 3. Bf4 b6 4. e3 Bb7 5. Bd3 d5 6. c3 g6 7. h4 h5 8. Nbd2 Bg7
9. Ng5 O-O 10. Ndf3 Nbd7 11. Bxg6 Qe7 12. Bxh5 Nxh5 13. Bxc7 Bf6 14. Qd3 Bxg5
15. hxg5 f5 16. Rxh5 Rf7 17. O-O-O Rg7 18. Rdh1 Nf8 19. Rh8+ Kf7 20. Ne5+ Ke8
21. Qb5+ Qd7 22. Rxf8+ Kxf8 23. Rh8+ Rg8 24. Rxg8+ Kxg8 25. Qxd7 Rf8 26. g6 Bc8
27. Qh7# 1-0

[Event "Open Est 2016-2017"]
[Site "Aubagne"]
[Date "2017.03.25"]
[Round "8.20"]
[White "Pentcheff, Laura"]
[Black "Benezra, Silke"]
[Result "1-0"]
[WhiteElo "1327"]
[BlackElo "1353"]
[PlyCount "85"]
[EventDate "2016.??.??"]
[WhiteTeam "Cassis Echecs"]
[BlackTeam "L'Echiquier du Roy René"]

1. d4 g6 2. c4 Bg7 3. Nf3 e6 4. g3 b6 5. Bg2 Bb7 6. O-O d6 7. Nc3 Ne7 8. e4 Nd7
9. Bd2 a6 10. d5 e5 11. Rc1 Bc8 12. b4 O-O 13. a3 a5 14. Na4 f5 15. Ng5 Rf6 16.
Ne6 Rxe6 17. dxe6 Nf6 18. exf5 Rb8 19. fxg6 Nxg6 20. c5 axb4 21. axb4 bxc5 22.
bxc5 d5 23. Bg5 Bxe6 24. Nc3 c6 25. Qa4 Qc8 26. Rce1 e4 27. Ne2 Bg4 28. Nd4 Ne5
29. Bf4 Nf3+ 30. Nxf3 exf3 31. Bxb8 Qxb8 32. Bh1 Qc8 33. Re7 Ne4 34. Qa7 Qf8
35. Rb1 Bd4 36. Rxe4 dxe4 37. Rb8 Bc8 38. Qc7 e3 39. Rxc8 e2 40. Rxf8+ Kxf8 41.
Qa5 Bxc5 42. Qxc5+ Kg7 43. Qc3+ 1-0

[Event "Open Est 2016-2017"]
[Site "Aubagne"]
[Date "2017.03.25"]
[Round "8.21"]
[White "Autouard, Jean-Luc"]
[Black "Piquemal, Maxence"]
[Result "1/2-1/2"]
[WhiteElo "1269"]
[BlackElo "1348"]
[PlyCount "92"]
[EventDate "2016.??.??"]
[WhiteTeam "Cercle d'Echecs Aubagnais"]
[BlackTeam "Marseille Echecs"]

1. e4 c5 2. Nc3 Nc6 3. f4 d6 4. Nf3 e6 5. Bb5 Bd7 6. O-O g6 7. d3 Bg7 8. f5
exf5 9. Bc4 Ne5 10. Nxe5 Bxe5 11. Qe1 Ne7 12. Bh6 Qc7 13. exf5 Bxh2+ 14. Kh1
Kd8 15. f6 Nf5 16. Bf4 Bxf4 17. Rxf4 Bc6 18. Bd5 Re8 19. Re4 Rxe4 20. dxe4 Nd4
21. Qd2 Kd7 22. Bxf7 Rf8 23. Nd5 Qd8 24. c3 Nb5 25. a4 Rxf7 26. axb5 Bxb5 27.
Rxa7 Qb8 28. Ra5 Bc6 29. e5 b6 30. Nxb6+ Qxb6 31. Qxd6+ Kc8 32. Rxc5 Kb7 33. b4
Bxg2+ 34. Kxg2 Qxd6 35. exd6 Rxf6 36. d7 Rd6 37. b5 Rxd7 38. c4 Rd6 39. Kf3 h6
40. Ke4 h5 41. Ke5 Rd8 42. Kf6 h4 43. Kxg6 h3 44. Rh5 Rd3 45. Kf5 Rc3 46. Rh4
h2 1/2-1/2

[Event "Open Est 2016-2017"]
[Site "Aubagne"]
[Date "2017.03.25"]
[Round "8.22"]
[White "Guidini, Rene"]
[Black "Besucco, Guy"]
[Result "1-0"]
[WhiteElo "1313"]
[BlackElo "1345"]
[PlyCount "73"]
[EventDate "2016.??.??"]
[WhiteTeam "Cercle d'Echecs Aubagnais"]
[BlackTeam "La Ciotat Echecs (LCE)"]

1. e4 d6 2. d4 Nf6 3. Nc3 c6 4. Nf3 Qa5 5. Bd2 Qb6 6. Ne2 g6 7. g3 Bg4 8. Bg2
Bg7 9. e5 Bxf3 10. Bxf3 dxe5 11. dxe5 Nd5 12. e6 f6 13. Nc3 Qd8 14. O-O O-O 15.
Qe2 Nc7 16. Rad1 Qc8 17. Rfe1 Nba6 18. Bf4 Nc5 19. Bxc7 Qxc7 20. b4 Na6 21. Rd7
Qb6 22. a3 c5 23. b5 Qa5 24. Bxb7 Qxc3 25. Bxa8 Rxa8 26. bxa6 Bf8 27. Red1 Qa5
28. Qe4 Rb8 29. Rb7 Rd8 30. Rbd7 Rb8 31. Qd3 Qb6 32. Rd8 Rxd8 33. Qxd8 Qxe6 34.
Rb1 Qxa6 35. Rb8 Kf7 36. Qxf8+ Ke6 37. Qc8+ 1-0

[Event "Open Est 2016-2017"]
[Site "Aubagne"]
[Date "2017.03.25"]
[Round "8.23"]
[White "Salvi, Angele"]
[Black "Bartolini, Manuela"]
[Result "0-1"]
[WhiteElo "1048"]
[BlackElo "1399"]
[PlyCount "78"]
[EventDate "2016.??.??"]
[WhiteTeam "Cercle d'Echecs Aubagnais"]
[BlackTeam "Cercle d'Echecs Aubagnais"]

1. e4 Nc6 2. Nf3 e5 3. d4 exd4 4. Nxd4 Qf6 5. Be3 Nxd4 6. Bxd4 Qh4 7. Qf3 Ne7
8. Nd2 Nc6 9. Bc3 Nb4 10. O-O-O Nxa2+ 11. Kb1 Nxc3+ 12. Qxc3 Bd6 13. Qxg7 Rf8
14. Qd4 Be7 15. Nf3 Qf6 16. Qxf6 Bxf6 17. e5 Be7 18. Bd3 h6 19. Rhe1 d6 20.
exd6 cxd6 21. Nd4 Bd7 22. Nf5 Bxf5 23. Bxf5 Rg8 24. g3 h5 25. Be4 Rb8 26. Bd3
a6 27. Rd2 Rg5 28. Ree2 Re5 29. Be4 Kd7 30. Bf5+ Kc7 31. Be4 Bf6 32. f4 Rb5 33.
c3 a5 34. Bc2 Bxc3 35. Re7+ Kb6 36. Rde2 Rxb2+ 37. Kc1 Rc8 38. Rxf7 Ra2 39. Kb1
Ra1# 0-1

[Event "Open Est 2016-2017"]
[Site "Aubagne"]
[Date "2017.03.25"]
[Round "8.24"]
[White "Frontera, Pierre"]
[Black "Periale, Francine"]
[Result "1-0"]
[WhiteElo "1305"]
[BlackElo "1106"]
[PlyCount "57"]
[EventDate "2016.??.??"]
[WhiteTeam "Cercle d'Echecs Aubagnais"]
[BlackTeam "Cercle d'Echecs Aubagnais"]

1. c4 c5 2. Nc3 e6 3. e4 Nc6 4. Nf3 d6 5. Be2 a6 6. O-O Nf6 7. d3 Be7 8. h3 O-O
9. Rb1 b6 10. a3 Nd4 11. Nxd4 cxd4 12. Na2 e5 13. Nb4 Qc7 14. Nd5 Nxd5 15. cxd5
Bd7 16. b4 b5 17. Bd2 Bd8 18. Rc1 Qb7 19. Bg4 Bxg4 20. Qxg4 Bf6 21. Rc6 Rfc8
22. Rxd6 Qe7 23. Rc6 Qd8 24. Rfc1 Rab8 25. Rxc8 h5 26. Rxd8+ Bxd8 27. Qxh5 Bf6
28. Qf5 Rb6 29. Rc8+ 1-0

[Event "Open Est 2016-2017"]
[Site "Aubagne"]
[Date "2017.03.25"]
[Round "8.25"]
[White "Ulloa, Philippe"]
[Black "Naam, Shedy"]
[Result "1-0"]
[WhiteElo "1297"]
[BlackElo "1150"]
[PlyCount "67"]
[EventDate "2016.??.??"]
[WhiteTeam "Club d'Echecs Pennois (CEP)"]
[BlackTeam "Cassis Echecs"]

1. d4 d5 2. c4 Bf5 3. a3 Nc6 4. h3 Nf6 5. Bf4 e6 6. Nc3 Bd6 7. Bg5 e5 8. Nxd5
Nxd4 9. Rc1 h6 10. Nxf6+ gxf6 11. Bh4 Qd7 12. e3 Nc6 13. Bxf6 Rg8 14. Nf3 Qe6
15. Bh4 Be4 16. c5 Be7 17. Bg3 Rd8 18. Qa4 Bxf3 19. gxf3 Qd7 20. Qc2 Bxc5 21.
Bc4 Bb4+ 22. Ke2 Be7 23. h4 b6 24. Rhd1 Kf8 25. Bb5 Qe6 26. Bxc6 Rxd1 27. Rxd1
Kg7 28. Bd7 Qf6 29. Qe4 Qg6 30. Bf5 Qh5 31. Bxe5+ Bf6 32. Rg1+ Kf8 33. Bxf6 Rh8
34. Qa8# 1-0

[Event "Open Est 2016-2017"]
[Site "Aubagne"]
[Date "2017.03.25"]
[Round "8.26"]
[White "Soulet, Kylian"]
[Black "Periale, Albert"]
[Result "0-1"]
[WhiteElo "1173"]
[BlackElo "1296"]
[PlyCount "118"]
[EventDate "2016.??.??"]
[WhiteTeam "Cassis Echecs"]
[BlackTeam "Cercle d'Echecs Aubagnais"]

1. d4 d5 2. Nc3 Bf5 3. Bf4 c6 4. e3 Nf6 5. Nf3 h6 6. Be2 e6 7. Qd2 Nbd7 8. Bd3
Bxd3 9. cxd3 Nh5 10. e4 Nxf4 11. Qxf4 dxe4 12. dxe4 Rc8 13. O-O g5 14. Qe3 Rg8
15. Rfe1 Nb6 16. d5 cxd5 17. exd5 Nxd5 18. Nxd5 Qxd5 19. Qxa7 Bc5 20. Qa4+ b5
21. Qxb5+ Ke7 22. Re5 Qd6 23. Qb7+ Rc7 24. Qb5 g4 25. Rxc5 Qxc5 26. Qxc5+ Rxc5
27. Nd4 Rgc8 28. Nb3 Rc2 29. Rb1 e5 30. h3 gxh3 31. gxh3 f5 32. Kg2 Kf6 33. Kf3
e4+ 34. Ke3 Ke5 35. f4+ Kf6 36. h4 Rd8 37. Nd4 Rh2 38. b4 Rxa2 39. b5 Ra3+ 40.
Nb3 Rd3+ 41. Ke2 Rdxb3 42. Rd1 Rxb5 43. Rd6+ Kg7 44. Rd7+ Kg6 45. Rd6+ Kh5 46.
Kf2 Rb2+ 47. Ke1 Ra1+ 48. Rd1 Rxd1+ 49. Kxd1 Rh2 50. Ke1 Kg4 51. Kf1 Kf3 52.
Ke1 Rf2 53. Kd1 Ke3 54. Ke1 Rd2 55. Kf1 Rc2 56. h5 Rb2 57. Kg1 Kf3 58. Kh1 Kg3
59. Kg1 Rb1# 0-1

[Event "Open Est 2016-2017"]
[Site "Aubagne"]
[Date "2017.03.25"]
[Round "8.27"]
[White "Delaplace, Mathias"]
[Black "Rieu, Jean"]
[Result "1-0"]
[WhiteElo "1171"]
[BlackElo "1294"]
[PlyCount "49"]
[EventDate "2016.??.??"]
[WhiteTeam "Marseille Echecs"]
[BlackTeam "U.S.C.M."]

1. e4 e6 2. d3 b6 3. Nd2 Nf6 4. g3 Bb7 5. Bg2 g6 6. Ngf3 Bh6 7. O-O Bxd2 8.
Bxd2 Nc6 9. Bg5 h6 10. Be3 Ng4 11. Bd2 Rb8 12. Bc3 Rh7 13. Qd2 a5 14. Qf4 f5
15. Rfe1 g5 16. Qd2 Ne7 17. h3 Nxf2 18. Qxf2 Ng6 19. exf5 Bxf3 20. fxg6 Bxg2
21. gxh7 Ke7 22. Qf6+ Kd6 23. Qxd8 Rxd8 24. Kxg2 e5 25. Bxe5+ 1-0

[Event "Open Est 2016-2017"]
[Site "Aubagne"]
[Date "2017.03.25"]
[Round "8.28"]
[White "Cayrou, Fabien"]
[Black "Garbe, Georges"]
[Result "1-0"]
[WhiteElo "1070"]
[BlackElo "1176"]
[PlyCount "77"]
[EventDate "2016.??.??"]
[WhiteTeam "Cassis Echecs"]
[BlackTeam "Cercle d'Echecs Aubagnais"]

1. d4 f5 2. Nc3 Nf6 3. Bf4 e6 4. Nb5 g6 5. Nxc7+ Kf7 6. Nxa8 Na6 7. Nf3 d6 8.
e3 h6 9. h3 Bd7 10. Bxa6 bxa6 11. O-O Qxa8 12. Qd3 Bb5 13. c4 g5 14. Bh2 Bc6
15. Qe2 Ne4 16. Rad1 Qb7 17. a3 Nf6 18. c5 Bb5 19. Qc2 Bxf1 20. Rxf1 Qc6 21. b4
Qe4 22. Qxe4 fxe4 23. Nd2 d5 24. Be5 Bg7 25. f3 Ke7 26. fxe4 Rf8 27. Bd6+ Ke8
28. Bxf8 Kxf8 29. exd5 Ke7 30. dxe6 Kxe6 31. Rc1 Kd5 32. c6 Ne8 33. c7 Nd6 34.
c8=Q Nxc8 35. Rxc8 Bf6 36. Rc5+ Ke6 37. Rc6+ Kf7 38. Rxa6 Kg6 39. Ne4 1-0

[Event "Open Est 2016-2017"]
[Site "Aubagne"]
[Date "2017.03.25"]
[Round "8.29"]
[White "Labriaud, Gilles"]
[Black "Coppel, Victor"]
[Result "1-0"]
[WhiteElo "1461"]
[BlackElo "1150"]
[PlyCount "103"]
[EventDate "2016.??.??"]
[WhiteTeam "La Ciotat Echecs (LCE)"]
[BlackTeam "L'Echiquier du Roy René"]

1. c4 e5 2. Nc3 Nc6 3. d3 f5 4. Nf3 Nf6 5. g3 Bc5 6. Bg2 d6 7. O-O O-O 8. e3
Qe8 9. Re1 Qh5 10. Nd2 f4 11. Qxh5 Nxh5 12. Nde4 Bb6 13. Nd5 Ba5 14. Bd2 Bxd2
15. Nxd2 Rf7 16. exf4 Be6 17. fxe5 Bxd5 18. Bxd5 Nb4 19. Bxf7+ Kxf7 20. Re4
Nxd3 21. exd6 cxd6 22. Rd4 Nxb2 23. Rxd6 Rc8 24. Rc1 b5 25. c5 Na4 26. c6 Nf6
27. c7 Ke7 28. Ra6 Nb6 29. Rxa7 Na8 30. Rxa8 Rxa8 31. c8=Q Rxc8 32. Rxc8 Kd7
33. Rg8 g6 34. Rg7+ Kc6 35. Rf7 Nd5 36. Rxh7 Nc3 37. a3 Kc5 38. Rg7 Na4 39.
Rxg6 Kd4 40. h4 Kc3 41. Rg5 Nb6 42. Rxb5 Nd7 43. Ne4+ Kc4 44. Rg5 Nf8 45. h5
Ne6 46. Rg8 Kd4 47. Nf6 Ke5 48. Nd7+ Kf5 49. h6 Ng5 50. Ne5 Kxe5 51. Rxg5+ Kf6
52. Rg7 1-0

[Event "Open Est 2016-2017"]
[Site "Aubagne"]
[Date "2017.03.25"]
[Round "8.30"]
[White "Vidal, Jean-Pierre"]
[Black "Denis, Karine"]
[Result "1/2-1/2"]
[WhiteElo "1324"]
[BlackElo "1183"]
[PlyCount "86"]
[EventDate "2016.??.??"]
[WhiteTeam "Club d'Echecs Pennois (CEP)"]
[BlackTeam "Marseille Passion Echecs"]

1. d4 d5 2. Nf3 Bg4 3. Nbd2 Nc6 4. c3 e6 5. e3 g6 6. Be2 Bg7 7. b4 Nh6 8. Qa4
O-O 9. Ba3 Ne7 10. Rb1 a6 11. Qc2 Bf5 12. Bd3 b5 13. Bxf5 Nexf5 14. Bc1 Re8 15.
Nb3 Nh4 16. O-O Nxf3+ 17. gxf3 Qg5+ 18. Kh1 Qh5 19. Nd2 Bf8 20. Qd1 Bd6 21. f4
Ng4 22. Nf3 g5 23. a4 Kh8 24. a5 Rg8 25. Qe2 Rg6 26. Rg1 f5 27. Qf1 Rh6 28. Rg2
Rg8 29. Rg3 Nxh2 30. Qh3 Qxh3 31. Rxh3 Rxh3 32. Nxh2 g4 33. Bd2 g3 34. fxg3
Rgxg3 35. Rg1 Rf3 36. Kg2 Rfg3+ 37. Kf2 Rxg1 38. Kxg1 Be7 39. Kg2 Rh6 40. Be1
Rg6+ 41. Kf3 Rh6 42. Kg2 Rg6+ 43. Kh3 Rh6+ 1/2-1/2

[Event "Open Est 2016-2017"]
[Site "Aubagne"]
[Date "2017.03.25"]
[Round "8.31"]
[White "Ralijaona, Emma"]
[Black "Piquemal, Jean Christophe"]
[Result "0-1"]
[WhiteElo "1160"]
[BlackElo "1272"]
[PlyCount "126"]
[EventDate "2016.??.??"]
[WhiteTeam "Marseille Passion Echecs"]
[BlackTeam "Marseille Echecs"]

1. e4 d6 2. d4 Nf6 3. e5 dxe5 4. dxe5 Qxd1+ 5. Kxd1 Nd5 6. Ke1 Nc6 7. Nf3 e6 8.
Be2 Bb4+ 9. Bd2 O-O 10. Nc3 f6 11. Bc4 Nxe5 12. Nxe5 fxe5 13. Nxd5 Bxd2+ 14.
Kxd2 exd5 15. Bxd5+ Kh8 16. Rhe1 Rxf2+ 17. Re2 Rxe2+ 18. Kxe2 Bg4+ 19. Kf1 Rf8+
20. Kg1 c6 21. Bc4 b5 22. Bb3 c5 23. c4 a6 24. a3 e4 25. cxb5 axb5 26. a4 b4
27. a5 e3 28. Re1 e2 29. Bc4 Re8 30. a6 h5 31. Bb5 Ra8 32. Bxe2 Bxe2 33. Rxe2
Rxa6 34. h3 g6 35. Re4 Ra2 36. g4 Rxb2 37. gxh5 gxh5 38. Re5 Rb1+ 39. Kf2 Kg7
40. Rxh5 c4 41. Rg5+ Kf6 42. h4 c3 43. Rc5 Rb2+ 44. Kf3 c2 45. h5 Rb3+ 46. Kg4
Rc3 47. Rf5+ Ke6 48. Rf1 c1=Q 49. Rxc1 Rxc1 50. h6 Rc8 51. Kg5 Rg8+ 52. Kh5 Kf7
53. h7 Rh8 54. Kh6 b3 55. Kg5 Rxh7 56. Kf4 b2 57. Ke3 b1=Q 58. Kd4 Rh5 59. Ke3
Qb4 60. Kf3 Rh4 61. Kg3 Qf4+ 62. Kg2 Rg4+ 63. Kh1 Qh6# 0-1

[Event "Open Est 2016-2017"]
[Site "Aubagne"]
[Date "2017.03.25"]
[Round "8.32"]
[White "Catanese, Sauveur"]
[Black "Masson, Wally"]
[Result "1/2-1/2"]
[WhiteElo "1120"]
[BlackElo "1191"]
[PlyCount "45"]
[EventDate "2016.??.??"]
[WhiteTeam "Cercle d'Echecs Aubagnais"]
[BlackTeam "Cercle d'Echecs Aubagnais"]

1. d4 d5 2. c4 e6 3. Nc3 Nf6 4. e3 Bb4 5. Bd2 O-O 6. Bd3 b6 7. a3 Bxc3 8. Bxc3
Ba6 9. b3 Qd6 10. Nf3 Nbd7 11. O-O Ng4 12. g3 Ndf6 13. c5 bxc5 14. Bxa6 Qxa6
15. dxc5 Rab8 16. b4 Qc4 17. Rc1 Qe4 18. Bxf6 Nxf6 19. Ng5 Qg6 20. Nf3 h5 21.
Rc2 Ne4 22. Ne5 Qg5 23. Nd7 1/2-1/2

[Event "Open Est 2016-2017"]
[Site "Aubagne"]
[Date "2016.03.25"]
[Round "8.33"]
[White "Turpin, Isabelle"]
[Black "Tramarin, Matteo"]
[Result "0-1"]
[WhiteElo "1189"]
[BlackElo "1145"]
[PlyCount "78"]
[EventDate "2016.??.??"]
[WhiteTeam "Cercle d'Echecs Aubagnais"]
[BlackTeam "Cercle d'Echecs Aubagnais"]

1. d4 Nf6 2. c4 d5 3. Qc2 Nc6 4. e3 g6 5. Nc3 Bg7 6. h3 Bf5 7. Qb3 Rb8 8. cxd5
Nxd4 9. exd4 O-O 10. g4 Bd7 11. g5 Nh5 12. Be2 Bxd4 13. Bxh5 gxh5 14. Nf3 Bb6
15. Rg1 Bxh3 16. g6 hxg6 17. Bh6 Re8 18. O-O-O Bxf2 19. Rg5 Be3+ 20. Kc2 Bxg5
21. Nxg5 Qd6 22. Nce4 Bf5 23. Qc3 f6 24. Kc1 Qf4+ 25. Nd2 Rbc8 26. Rf1 Qe5 27.
d6 cxd6 28. Nc4 fxg5 29. Bxg5 Qxc3+ 30. bxc3 Rxc4 31. Kb2 Be6 32. Be3 b6 33.
Rg1 Bf7 34. Bg5 a5 35. Re1 e5 36. Bf6 b5 37. Rc1 b4 38. a4 bxc3+ 39. Kb3 Rf4+
0-1